Bulletin of the United States Bureau of Fisheries.

Bibliographic Details
Corporate Authors: United States. Bureau of Fisheries, ProQuest (Firm)
Format: Government Document eBook
Language:English
Published: Washington : [publisher not identified], 1930.
Series:United States congressional serial set.
Subjects:
Online Access:Connect to the full text of this electronic book

MARC

Tag First Indicator Second Indicator Subfields
LEADER 00000cam a22000001a 4500
001 in00002789918
005 20190331181759.0
006 m o d
007 cr bn mmmapmmp
008 091231s1930 dcubd o f000 0 eng d
035 |a cis2004334834 
040 |a UMI  |c UMI  |d UtOrBLW 
043 |a n-us--- 
086 0 |a C 6.3:44 
099 |a ProQuest Serial Set Number 8933 H.doc.340 
110 1 |a United States.  |b Bureau of Fisheries. 
245 1 0 |a Bulletin of the United States Bureau of Fisheries. 
246 1 |a Bulletin of Bureau of Fisheries, v. 44, 1928 
264 1 |a Washington :  |b [publisher not identified],  |c 1930. 
300 |a 1 online resource. 
336 |a text  |b txt  |2 rdacontent 
337 |a computer  |b c  |2 rdamedia 
338 |a online resource  |b cr  |2 rdacarrier 
490 0 |a H.doc.340 
500 |a Record is based on bibliographic data in ProQuest U.S. Serial Set Digital Collection (last viewed Dec. 2009). Reuse except for individual research requires license from ProQuest, LLC. 
510 3 |a ProQuest U.S. Serial Set Digital Collection 
500 |a Electronic resource. 
610 1 0 |a United States.  |b Department of Commerce. 
650 0 |a Aquaculture. 
651 0 |a Alaska. 
655 7 |a Electronic books.  |2 local 
710 2 |a ProQuest (Firm) 
830 0 |a United States congressional serial set. 
856 4 0 |u http://proxy.library.tamu.edu/login?url=http://congressional.proquest.com/congcomp/getdoc?SERIAL-SET-ID=8933+H.doc.340  |z Connect to the full text of this electronic book  |t 0 
999 |a MARS 
999 f f |s f4728556-8ac8-3dd9-8d01-3446bc0a168a  |i fc21287c-24bb-3e1b-b206-14ead378d2d4  |t 0 
952 f f |a Texas A&M University  |b College Station  |c Electronic Resources  |d Available Online  |t 0  |e ProQuest Serial Set Number 8933 H.doc.340  |h Other scheme 
998 f f |a ProQuest Serial Set Number 8933 H.doc.340  |t 0  |l Available Online